000 01301nam a2200337Ia 4500
001 ebr10185579
003 CaPaEBR
006 m u
007 cr cn|||||||||
008 070215s2007 enk sb 001 0 eng d
015 _aGBA716580
_2bnb
020 _z9781403971975 (hbk.)
020 _z1403971978 (hbk.)
040 _aCaPaEBR
_cCaPaEBR
035 _a(OCoLC)216947371
050 1 4 _aPN682.C544
_bH69 2007eb
082 0 4 _a809.93353809022
_222
100 1 _aHowie, Cary.
245 1 0 _aClaustrophilia
_h[electronic resource] :
_bthe erotics of enclosure in medieval literature /
_cCary Howie.
260 _aBasingstoke :
_bPalgrave Macmillan,
_c2007.
300 _axii, 196 p.
490 1 _aThe new Middle Ages
504 _aIncludes bibliographical references and index.
533 _aElectronic reproduction.
_bPalo Alto, Calif. :
_cebrary,
_d2009.
_nAvailable via World Wide Web.
_nAccess may be limited to ebrary affiliated libraries.
650 0 _aLiterature, Medieval
_xHistory and criticism.
650 0 _aClaustrophilia in literature.
655 7 _aElectronic books.
_2local
710 2 _aebrary, Inc.
830 0 _aNew Middle Ages.
856 4 0 _uhttp://site.ebrary.com/lib/rucke/Doc?id=10185579
_zAn electronic book accessible through the World Wide Web; click to view
999 _c144606
_d144606